Study on the TPE of CR latex and PVC emulsion co-coagulation (Record no. 69877)

MARC details
000 -LEADER
fixed length control field 00432nam a2200157Ia 4500
100 ## - MAIN ENTRY--AUTHOR NAME
Personal name Ji K
245 #0 - TITLE STATEMENT
Title Study on the TPE of CR latex and PVC emulsion co-coagulation
260 ## - PUBLICATION, DISTRIBUTION, ETC. (IMPRINT)
Name of publisher Proceedings of the International Rubber Conference, Kobe, Japan, 1995; p279-282
650 ## - SUBJECT ADDED ENTRY--TOPICAL TERM
Topical Term CR latex
650 ## - SUBJECT ADDED ENTRY--TOPICAL TERM
Topical Term PVC
700 ## - ADDED ENTRY--PERSONAL NAME
Personal name Du A
700 ## - ADDED ENTRY--PERSONAL NAME
Personal name Liu Y
700 ## - ADDED ENTRY--PERSONAL NAME
Personal name Meng X
942 ## - ADDED ENTRY ELEMENTS (KOHA)
Koha item type Journals
Holdings
Withdrawn status Lost status Damaged status Not for loan Home library Current library Shelving location Date acquired Koha item type
      Journals RRII Library RRII Library Rubber chemistry 17/12/2021 Journals